01844nam a2200241Ia 450000100060000000300090000600800410001504000130005604000130006904100130008210000150009510000290011024500390013924500390017825000110021726000090022826000120023726000490024930000570029850011940035565000220154965000310157193113IT-RoPAU130308s9999 xx 000 0 und d aIT-RoPAU cIT-RoPAU aITALIANO aNazio Pino gCodice Aut. SPICS: 27965 aManuale del giornalista televisivo bManuale del giornalista Televisivo a1a ed. aROMA bGremese c1990 [1° Ed.:1990 - Ed.Ling.Originale:1990] a"256 p. (prefazione: no ; testo: 256 [pagine: 0-0])" aAngela comunicatore Multimediale Piccolo Grande schermo tv made in Italy caratteristiche Tecniche della tv Cronologia della tv Giornalismo e tv giornalista Televisivo Fonti delle informazioni Agenzie formati e Organizzazioneprogrammi in Diretta e Registrati Routines produttive Stile Ferrara la Politica è Lo Spettacolo Produzione televisiva montaggio Sonoro scenografia Archiviazione Struttura del telegiornale telegiornali che Arrivano in Italia Rai 1 2 3 Telemontecarlo Telecapodistria Informazione via satellite tutti gli Uomini del Tg Organigramma del Tg2 Direzione Come si Prepara Il telegiornale formati delle notizie Trasmissione del telegiornale verifica del telegiornale Informazione Oltre Il Tg rotocalco intervista Altri formati Inchiesta Documentario Giornalismo Sportivo Telecronaca di un Avvenimento penne Elettroniche Ambiguità della Parola Problema delle Lingue straniere Lettura di un testo Davanti Alla Telecamera Deontologia Professionale Aspetti legali e Morali Giornaliste Altra Metà del video nuove tecnologie Strumenti satelliti Alta Definizione Fibre Ottiche Reclutamento del giornalista Accesso Alla professione Scuole di Giornalismo Glossario Bibliografia aGENERI TELEVISIVI eCodice materia Spics: 6960